000 007510000a22001690004500
001 8405
041 0 _aSPA
082 0 4 _aG 270.92 B837i
245 1 0 _aLiberación, éxodo y Biblia : El concepto bíblico de liberación / J. Mervin Breneman O, Editor
260 _aMiami, FL., USA : Caribe
300 _a143 Pag
505 0 0 _a- El Éxodo como tema de interpretación teológica. Mervin Breneman - El soter en los profetas. Oscar Pereira. - Libertad en el pensamiento de San Pablo. Hugo Zorrilla. - El transfondo revolucionario del Nuevo Testamento. Isamel Araya. - Liberación según los Evangelios. Ricardo Foulkes.
942 _cBK
999 _c38568
_d38568
336 _atexto
_btxt
_2rdacontent
337 _2rdamedia
_asin mediación
_bn
338 _2rdacarrier
_avolumen
_bnc